000 nam a22 7a 4500
999 _c332833
_d332833
003 BLK
005 20220221110948.0
008 190712b bu ||||| |||| 00| 0 bu d
020 _a978-954-337-362-8
040 _aBLK
041 _aBUL
_cBUL
080 _a929 Проватски епископ Антоний. Константин Михайлов Костов (Мучитанов)
_b929 Проватски епископ Антоний. Константин Михайлов Костов (Мучитанов)
_z929 Проватски епископ Антоний. Константин Михайлов Костов (Мучитанов)
100 _9300756
_aЦацов, Борис Страхилов
_eсъстав.
139 _aЦацов, Борис Страхилов
_bА 75
245 _aТърсен от хората, следен от властта.
_bПроватски епископ Антоний (1915-2002) : Възпоменателен сборник - 2018
_cсъстав. Борис Страхилов Цацов
260 _9209556
_aРусе
_bАвангард принт
_c2018
300 _a1000 с.
_bсъс сн.
_c21 см
380 _aX
852 _a295868
_bЦб
852 _a К 2/А 75
942 _cKNG
_n0
_s1
944 _aCR
_c2019-07-12
_kЕлица Владова
999 _d332833
999 _d332833
999 _d332833